Lo que los chicos callan (Record no. 624)

MARC details
000 -CABECERA
campo de control de longitud fija 02630nam a22002894c 4500
003 - IDENTIFICADOR DE NUMERO DE CONTROL
campo de control AR-BaSMT
008 - CAMPOS DE LONGITUD FIJA
campo de control de longitud fija 231201b2026 ag |||gr|||| 001 0 spa d
020 ## - ISBN: Indicadores indefinidos
Número ISBN 9789876676236
040 ## - FUENTE DE CATALOGACION
Agencia de catalogación original BSGB
Idioma de catalogación español
Convenciones de la descripción rda
041 0# - CODIGO DE IDIOMA
Código idioma spa
Idioma original español
080 ## - CDU
CDU completo 37
100 1# - PUNTO DE ACCESO PRINCIPAL
Nombre de persona Zysman, María
Enlace autoridades 465
245 10 - MENCION DE TITULO
Título Lo que los chicos callan
Subtítulo : Recursos para adultos que quieren intevenir a tiempo
250 ## - MENCION DE EDICION
Mención de edición primera edición
264 #1 - PRODUCCIÓN, PUBLICACIÓN, DISTRIBUCIÓN, ETC.
Lugar de publicación, etc. Buenos Aires :
Nombre editor. Bonum,
Fecha 2026
300 ## - DESCRIPCION FISICA
Extensión 136 páginas.
336 ## - TIPO DE CONTENIDO
rdacontent rdacontent
texto texto
txt txt
337 ## - TIPO DE MEDIO
rdamedia rdamedia
sin mediación sin mediación
n n
338 ## - TIPO DE SOPORTE
rdacarrier rdacarrier
volumen colúmen
nc nc
505 ## - NOTA DE CONTENIDO CON FORMATO
Volcar toda la info, nivel básico, Indicadores 8 y # Índice:<br/>Prólogo -- 7<br/>Introducción -- 11<br/>C1. Cuando empiezan miedos y confusiones. Rondas, cuentos, canciones y bloques -- 17<br/>C2. Amigos, cuadernos y cartucheras -- 39<br/>C3. Secretos nuevos, lealtades y traiciones -- 57<br/>C4. Entre la necesidad de pertenecer y el miedo a quedar afuera -- 73<br/>C5. La búsqueda de identidad y el espacio de los otros -- 91<br/>C6. ¿Por qué los chicos callan? -- 109<br/>Anexo. Por Sofýa Zysman -- 123<br/>Cierre -- 129<br/>Bibliografía -- 135
520 ## - NOTA DE SUMARIO, RESUMEN, ETC.
Toda la nota ¿Qué callan los chicos hoy?<br/>Callan lo que les duele, lo que los confunde, lo que les da miedo. Callan para no perder amigos, para no quedar expuestos, para no preocupar a los adultos o porque sienten —muchas veces con razón— que nadie sabrá qué hacer con eso que les pasa.<br/>Este libro nace de más de treinta años de escucha en escuelas y espacios educativos. Recorre las distintas etapas del desarrollo —nivel inicial, primario y secundario— para diferenciar conductas esperables, evolutivas de aquellas que requieren intervención adulta.<br/>Aborda el bullying y el ciberbullying, el impacto del mundo digital en los vínculos, el consumo silencioso de pornografía, las apuestas online y los secretos que pesan demasiado para ser llevados en soledad.<br/>Lo que los chicos callan no ofrece recetas rápidas. Propone una mirada profunda sobre la responsabilidad adulta: crear contextos donde hablar no sea un riesgo y donde ningún chico quede solo frente al dolor.<br/>Dirigido a familias, profesionales de la salud y la educación, invita a escuchar mejor, a intervenir a tiempo y a construir redes de cuidado reales —en el patio físico y en el digital— para que crecer no implique callar lo que lastima.<br/>Porque los chicos no necesitan que les pidamos que hablen.<br/>Necesitan adultos dispuestos a escuchar.
URL, URI, etc. Contratapa
521 ## - NOTA DE PÚBLICO DESTINATARIO
Nota de audiencia Público genetal
650 #7 - PUNTO DE ACCESO ADICIONAL DE MATERIA – TÉRMINO TEMÁTICO
Enlace autoridades 18
Término de materia o nombre geográfico como elemento de entrada EDUCACIÓN
Subdivisión geográfica Argentina
653 2# - PUNTO DE ACCESO ADICIONAL DE MATERIA – TÉRMINO NO CONTROLADO
Término de indización no controlado Bullying
-- Ciberbullying
-- Mundo Digital
942 ## - ELEMENTOS AGREGADOS (KOHA)
CDU Clasificación decimal universal
Tipo de ítem Libros
Holdings
Disponible Perdido Fuente de clasificación Estado Ubicación permanente Locación actual Estante o sala Fuente de adquisición Número de inventario Total préstamos Signatura topográfica Código de barras Numero de ejemplar Tipo de item de Koha Calificador de localización códificado
    Clasificación Decimal Dewey   Biblioteca Susana G. De Batemarco Biblioteca Susana G. De Batemarco Educación Compra Feria del Libro 2026 000880   37 ZYS 000880 1 Libros  

Powered by Koha